000
00183nam a2200085Ia 4500
008
250605s9999 xx 000 0 und d
041
_a
eng
100
_a
Harsh Sharma
245
_a
Growpital
999
_c
45891
_d
45891